The 25 Greatest NBA Trios Of All-Time - Statistics

General Stats
  • This quiz has been taken 110 times
  • The average score is 51 of 75
Answer Stats
Players % Correct
LeBron James
100%
LeBron James
100%
Kyrie Irving
99%
Dwayne Wade
98%
Scottie Pippen
98%
Scottie Pippen
98%
Jerry West
97%
Jerry West
97%
Michael Jordan
97%
Michael Jordan
97%
Dennis Rodman
96%
Magic Johnson
96%
Chris Bosh
93%
Larry Bird
93%
Stephen Curry
93%
Stephen Curry
93%
James Harden
92%
Julius Erving
92%
Kareem Abdul-Jabbar
92%
Kareem Abdul-Jabbar
92%
Kevin Durant
92%
Kevin Durant
92%
Kevin Love
92%
Klay Thompson
91%
Klay Thompson
91%
Shaquille O’Neal
91%
Kobe Bryant
90%
Russell Westbrook
90%
Draymond Green
88%
Tim Duncan
85%
Wilt Chamberlain
84%
Wilt Chamberlain
84%
Moses Malone
83%
Manu Ginobili
82%
Tony Parker
81%
Kevin Garnett
79%
Bill Russell
78%
Hakeem Olajuwon
78%
Ray Allen
77%
Paul Pierce
76%
Bob Cousy
75%
Kevin McHale
75%
Robert Parrish
74%
James Worthy
71%
Elgin Baylor
70%
Oscar Robertson
69%
Isiah Thomas
65%
Clyde Drexler
62%
Derek Fisher
56%
Steve Nash
55%
Horace Grant
52%
Joe Dumars
52%
Bill Laimbeer
47%
Ben Wallace
46%
Rasheed Wallace
46%
Walt Frazier
45%
Dave Cowens
42%
Willis Reed
41%
Chauncey Billups
40%
George Mikan
38%
Gail Goodrich
36%
Robert Horry
36%
Wes Unseld
33%
Elvin Hayes
32%
JoJo White
32%
John Havlicek
31%
Tommy Heinsohn
30%
Shawn Marion
29%
Dave Debusschere
22%
Andrew Toney
18%
Bob Dandridge
18%
Amar’e Stoudamire
15%
Jim Mikkelsen
8%
Phil Chenier
7%
Jim Pollard
6%
No matching quizzes found
Score Distribution
Percent of People with Each Score
Percentile by Number Answered
Your Score History
You have not taken this quiz